[Event "London Mindsports Rapid"]
[Site "London"]
[Date "2022.09.11"]
[Round "7.10"]
[White "Merriman, John"]
[Black "Landman, Aharon"]
[Result "1-0"]
[WhiteElo "2206"]
[BlackElo "1371"]
[PlyCount "84"]
[EventDate "2022.09.11"]
[EventType "swiss (rapid)"]
[EventRounds "9"]
[EventCountry "ENG"]
[SourceTitle "CBM 210 Extra"]
[Source "ChessBase"]
[SourceDate "2022.11.30"]
[SourceVersion "1"]
[SourceVersionDate "2022.11.30"]
[SourceQuality "1"]

1. b3 e5 2. Bb2 Nc6 3. e3 Nf6 4. Bb5 d6 5. d4 e4 6. c4 a6 7. Bxc6+ bxc6 8. Qc2 d5 9. Ne2 Bb4+ 10. Nd2 0-0 11. h3 Be6 12. Nf4 Qd7 13. Nxe6 fxe6 14. Rc1 Rab8 15. 0-0 a5 16. Bc3 Bxc3 17. Qxc3 Ra8 18. cxd5 exd5 19. Qxc6 Qxc6 20. Rxc6 Rfc8 21. Rfc1 Ra7 22. a3 Kf7 23. f3 exf3 24. gxf3 Ke7 25. Kf2 Kd7 26. e4 Rf8 27. Ke3 h6 28. R1c5 dxe4 29. fxe4 Ne8 30. Nc4 Nd6 31. Ne5+ Kc8 32. Rxd6 Rb7 33. Rdc6 Rxb3+ 34. Rc3 Rb7 35. d5 Kd8 36. Rg6 Rg8 37. Nc6+ Kd7 38. Nxa5 Rb1 39. Nc4 Rh1 40. Kd4 c5+ 41. Kxc5 Rc8+ 42. Rc6 Re8 1-0

[Event "Berks & Bucks Challengers op"]
[Site "Maidenhead"]
[Date "2022.08.28"]
[Round "4"]
[White "Plimley, Ben"]
[Black "Landman, Aharon"]
[Result "1-0"]
[WhiteElo "1473"]
[BlackElo "1559"]
[PlyCount "150"]
[EventDate "2022.08.27"]
[EventType "swiss"]
[EventRounds "6"]
[EventCountry "ENG"]
[SourceTitle "EXT 2023"]
[Source "ChessBase"]
[SourceDate "2022.10.05"]
[SourceVersion "1"]
[SourceVersionDate "2022.10.05"]
[SourceQuality "1"]

1. e4 e5 2. f4 d5 3. exd5 e4 4. d3 Qxd5 5. dxe4 Qxe4+ 6. Qe2 Nf6 7. Nd2 Qxe2+ 8. Bxe2 Bc5 9. Nb3 Bb6 10. Bf3 0-0 11. Ne2 Nc6 12. Bd2 Ng4 13. h3 Ne3 14. Bxe3 Bxe3 15. Kf1 a5 16. c3 a4 17. Nbd4 Nxd4 18. Nxd4 Bxf4 19. Kf2 a3 20. b3 Bd2 21. Ne2 Re8 22. Rhd1 Be3+ 23. Kf1 c6 24. Nd4 f5 25. Nxc6 bxc6 26. Bxc6 Ba6+ 27. c4 Bg5 28. Bxa8 Rxa8 29. Rd5 g6 30. Kg1 Bb7 31. Rd7 Bc6 32. Rd6 Be4 33. Re1 Bf4 34. Rd7 Bc6 35. Rd3 Re8 36. Rxe8+ Bxe8 37. Rd8 Kf7 38. Ra8 Bc1 39. Ra7+ Kg8 40. Ra8 Kf8 41. Kf2 h5 42. b4 Ke7 43. b5 Bf7 44. b6 Bxc4 45. b7 Bf4 46. b8Q Bxb8 47. Rxb8 Bxa2 48. Ra8 Bd5 49. Rxa3 Be4 50. Ra6 Kf7 51. h4 Kg7 52. g3 Kf7 53. Ke3 Bd5 54. Kf4 Kg7 55. Kg5 Bf7 56. Ra7 Kf8 57. Kf6 Bd5 58. Rd7 Bc6 59. Rc7 Ba4 60. Rc8+ Be8 61. Rb8 g5 62. Kxg5 Ke7 63. Rxe8+ Kxe8 64. Kxf5 Kf7 65. Kg5 Kg7 66. Kxh5 Kh7 67. g4 Kg7 68. g5 Kh7 69. g6+ Kg7 70. Kg5 Kh8 71. Kh6 Kg8 72. g7 Kf7 73. Kh7 Kf6 74. g8Q Kf5 75. Qg5+ Ke6 1-0